| 000 | 00348nam a2200133Ia 4500 | ||
|---|---|---|---|
| 008 | 150202s9999 xx 000 0 und d | ||
| 020 | _a671666843 | ||
| 050 |
_aFIC _bFIC |
||
| 100 | _aWoodward, Bob. | ||
| 245 | 4 |
_aThe agenda / _cBob Woodward. |
|
| 260 |
_aNew York : _bPocket Books, _c1995. |
||
| 300 |
_a431 pages : _c18 cm. |
||
| 650 | _aFiction. | ||
| 999 |
_c282473 _d282473 |
||